| 000 | 00860nam a2200205 i 4500 | ||
|---|---|---|---|
| 001 | 20051 | ||
| 003 | ES-MaACL | ||
| 005 | 20250831121724.0 | ||
| 007 | t| | ||
| 008 | 021121s1881 sp ||||1| spa d | ||
| 110 | 2 |
_aAsociación para la Reforma de los Aranceles de Aduanas _91779 |
|
| 245 | 1 | 0 | _aMeeting de la Asociación para la Reforma Liberal de los Aranceles de Aduanas celebrado en el Teatro Real de Madrid el dia 13 de marzo de 1881. |
| 260 |
_aMadrid : _b[s.n.], _c1881 ( _fImp. de Enrique de la Riva) |
||
| 300 |
_a70 p. ; _c22 cm. |
||
| 500 | _aTema: La reforma general de los Aranceles y las cuestiones vinícola, lanera, y del derecho diferencial de bandera en las Antillas. | ||
| 650 | 4 |
_aAranceles de aduanas- _zEspaña- _yS.XIX. _99930 |
|
| 852 | 4 |
_aES-MaACL _jFol-Laf-366 |
|
| 852 | 4 |
_aES-MaACL _jT-372-F-4 |
|
| 999 |
_c20051 _d20051 |
||